Introducción al derecho parlamentario (Registro nro. 311528)

Detalles MARC
000 -ENCABEZADO
Número de control [NR] 00781 a2200217 4500
005 - FECHA Y HORA DE LA ÚLTIMA TRANSACCIÓN
control field 20190201153508.0
008 - DE LONGITUD FIJA DE DATOS DE ELEMENTOS - INFORMACIÓN GENERAL
Elementos de longitud fija [NR] 190201s2002 sp ||||| |||| 00| 0 spa d
020 ## - NUMERO INTERNACIONAL NORMALIZADO PARA LIBROS [R]
Número Internacional Normalizado del libro [NR] 8481559253
040 ## - FUENTE DE CATALOGACION [NR]
Agencia de catalogación original [NR] CO-BoUCM
Idioma de catalogación [NR] spa
Quien Cataloga Saul Niño
Quien Clasifica Saul Niño
041 0# - CODIGO DE IDIOMA [R]
Código de idioma para texto/pista de sonido o título separado [R] Español
100 10 - ASIENTO PRINCIPAL--NOMBRE PERSONAL [NR]
Nombre personal [NR] Alonso de Antonio, José Antonio
ID Autoridad 95331
245 10 - MENCION DE TITULO [NR]
Título [NR] Introducción al derecho parlamentario
Mención de responsabilidad, etc. [NR] José Antonio Alonso de Antonio, Ángel Luis Alonso de Antonio
260 ## - PUBLICACION, DISTRIBUCION, ETC. (PIE DE IMPRENTA) [R]
Lugar de publicación, distribución, etc. [R] Madrid
Nombre del editor, distribuidor, etc. [R] Dykinson
Fecha de publicación, distribución, etc. [R] 2002
300 ## - DESCRIPCION FISICA [R]
Extensión [R] 267 páginas
650 #7 - ASIENTO SECUNDARIO DE MATERIA - TERMINO TEMATICO [R]
9 (RLIN) 12765
Término temático o nombre geográfico como elemento de entrada [NR] Derecho español
650 #7 - ASIENTO SECUNDARIO DE MATERIA - TERMINO TEMATICO [R]
9 (RLIN) 22157
Término temático o nombre geográfico como elemento de entrada [NR] Prácticas parlamentarias
Subdivisión geográfica [R] España
650 #7 - ASIENTO SECUNDARIO DE MATERIA - TERMINO TEMATICO [R]
9 (RLIN) 21762
Término temático o nombre geográfico como elemento de entrada [NR] Poder legislativo
700 10 - ASIENTO SECUNDARIO - NOMBRE PERSONAL [R]
Nombre personal [NR] Alonso de Antonio, Ángel Luis
9 (RLIN) 81886
942 ## - ELEMENTOS DE ENTRADA AGREGADOS (KOHA)
Tipo de ítem principal el descrito en 300a Libro
Sistema de clasificación DEWEY
Tema principal Derecho
Edición 1
Clasificación 342.4609
Parte restante de la signatura top. A454i
Existencias
Fecha de último préstamo Total préstamos Total Renewals Signatura topográfica Código de barras Última vez visto Ejemplar Costo de reposición Price effective from Tipo de ítem Perdido Sistema de clasificación Dañado No prestable Tipo de ítem específico Suprimido Ubicación habitual Ubicación actual Localización Fecha de creación Proveedor Forma de adquisición Costo
16/06/2025 3 4 342.4609 A454i 100159130 12/06/2026 Ej.1 26000.00 01/02/2019 Libro   DEWEY     Libro   Claustro Claustro 3er piso 01/02/2019 12 Donación 0.00